Szczegóły MARC21

Basisinterpretationen für den Literatur und Deutschunterricht der Sekundarstufen. Bd.6, Romane und Novellen aud dem 20.Jahrhundert.

005 -DATA I CZAS OSTATNIEJ MODYFIKACJI [,]
    • @
    • pole kontrolne
    • 20070315155141.9
020 -Międzynarod. znormalizowany nr książki - ISBN [ , ]
    • a
    • Numer ISBN
    • 3804404731 Find
040 -Instytucja sporządzająca opis [ , ]
    • a
    • Instytucja, która sporządziła opis (NP)
    • SZCZ U
    • c
    • Instytucja, która sporządziła rekord (NP)
    • SZCZ U
041 -Język dokumentu [0, ]
    • a
    • Język tekstu (P)
    • niemiecki
    • h
    • Język tekstu oryginalnego i/lub pośredniego (P)
    • niemiecki
942 -Rodzaj dokumentu [ , ]
    • c
    • Rodzaj dokumentu
    • Książka
245 -Strefa tytułu i oznaczenia odpowiedzialności [0, ]
    • a
    • Tytuł
    • Basisinterpretationen für den Literatur und Deutschunterricht der Sekundarstufen. Find
    • n
    • Oznaczenie części (P)
    • Bd.6,
    • p
    • Nazwa części (P)
    • Romane und Novellen aud dem 20.Jahrhundert.
260 -Strefa adresu wydawniczego [ , ]
    • a
    • Miejsce wydania (P)
    • Hollfeld/Obfr. :
    • b
    • Nazwa wydawcy (P)
    • C.Bange,
    • c
    • Data wydania (P)
    • cop.1985.
300 -Strefa opisu fizycznego [ , ]
    • a
    • Określenie formy książki i/lub objętość (NP)
    • 112 s :
    • b
    • Oznaczenie ilustracji (NP)
    • rys :
    • c
    • Format (NP)
    • 21 cm.
490 -Strefa serii i książki wielotomowej - forma nie do wyszukiwania [0, ]
    • a
    • Tytuł (P)
    • (Bange Lernhilfen. Deutsch Sekundarstufe I/II. Banges Unterrichtshilfen Find
500 -Uwaga ogólna [ , ]
    • a
    • Uwaga ogólna (NP)
    • Bibliogr
080 -Uniwersalna Klasyfikacja Dziesiętna [ , ]
    • a
    • Symbol klasyfikacji
    • 830(091)=30
080 -Uniwersalna Klasyfikacja Dziesiętna [ , ]
    • a
    • Symbol klasyfikacji
    • +82.03=30
080 -Uniwersalna Klasyfikacja Dziesiętna [ , ]
    • a
    • Symbol klasyfikacji
    • +372.880.30=30
980 -Symbol UKD [ , ]
    • a
    • UKD
    • 830(091)=30+82.03=30+372.880.30=30
920 -ISBN [ , ]
    • a
    • ISBN
    • 3-8044-0473-1 Find
Sygnatura Numer inwentarzowy Status udost. Lokalizacja Data inwentaryzacji
GERM. Literaturoznawstwo 10G.100191BM1995-11-10